Construyendo una visión regional común entre Bogotá y sus territorios circunvencidos (Registro nro. 18198)
[ vista simple ]
| 000 -CABECERA | |
|---|---|
| Campo de control | 01074nam a22002417a 4500 |
| 005 - FECHA Y HORA DE LA ULTIMA TRANSACCION | |
| Campo de control | 20160304163521.0 |
| 008 - ELEMENTOS DE LONGITUD FIJA—INFORMACION GENERAL | |
| Campo de control | 160304b2013 ck abdofr|||| 00| 0 spa d |
| 020 ## - ISBN | |
| ISBN | 9789585736719 |
| 040 ## - FUENTE DE CATALOGACIÓN | |
| Agencia catalogadora original | CO-BoIAVH |
| Agencia transcriptora | CO-BoIAVH |
| 041 0# - IDIOMA | |
| Código de idioma para texto/pista de sonido o título separado | Español |
| 044 ## - PAÍS DE PUBLICACIÓN | |
| País de publicación | Colombia |
| 082 04 - NUMERO DE CLASIFICACION DECIMAL DEWEY | |
| Número de clasificación | 711.09861 |
| Número del ítem | S44d |
| 110 1# - ASIENTO PRINCIPAL--NOMBRE CORPORATIVO | |
| Nombre corporativo o de jurisdicción como elemento de entrada | Alcaldía Mayor de Bogotá D. C. |
| Unidad subordinad | , Secretaría Distrital de Planeación |
| 9 (RLIN) | 63661 |
| 245 10 - MENCION DE TITULO | |
| Título | Construyendo una visión regional común entre Bogotá y sus territorios circunvencidos |
| Parte restante del título | avances 2012 - 2013 |
| 260 ## - PUBLICACION, DISTRIBUCION, ETC. (PIE DE IMPRENTA) | |
| Lugar de publicación, distribución, etc. | [Bogotá D. C.?]: |
| Nombre del editor, distribuidor, etc. | Alcaldía Mayor de Bogotá - Secretaría Distrital de Planeación : |
| -- | UNCRD, |
| Fecha de publicación, distribución, etc. | [2013?]. |
| 300 ## - DESCRIPCION FISICA | |
| Extensión | 244 páginas : |
| Otros detalles físicos | ilustraciones, mapas, tablas y fotografías a color ; |
| Dimensiones | 28 x 21 centímetros |
| 490 0# - MENCION DE SERIE | |
| Mención de serie | Colección integración regional ; |
| Designación numérica/secuencial del volumen | 12 |
| 650 #6 - ASIENTO SECUNDARIO DE MATERIA - TERMINO TEMATICO | |
| Término temático o nombre geográfico como elemento de entrada | Desarrollo urbano |
| Subdivisión geográfica | Bogotá (Colombia) |
| 9 (RLIN) | 63662 |
| 650 #6 - ASIENTO SECUNDARIO DE MATERIA - TERMINO TEMATICO | |
| Término temático o nombre geográfico como elemento de entrada | Programas de desarrollo |
| Subdivisión geográfica | Bogotá (Colombia) |
| 9 (RLIN) | 63663 |
| 650 #6 - ASIENTO SECUNDARIO DE MATERIA - TERMINO TEMATICO | |
| Término temático o nombre geográfico como elemento de entrada | Planificación regional |
| Subdivisión geográfica | Bogotá (Colombia) |
| 9 (RLIN) | 63664 |
| 650 #6 - ASIENTO SECUNDARIO DE MATERIA - TERMINO TEMATICO | |
| Término temático o nombre geográfico como elemento de entrada | Planificación sectorial |
| Subdivisión geográfica | Bogotá (Colombia) |
| 9 (RLIN) | 63665 |
| 942 ## - ELEMENTOS ADICIONALES (KOHA) | |
| Sistema de clasificación | Dewey Decimal Classification |
| Tipo de ítem | Libro |
| Withdrawn status | Lost status | Sistema de Clasificación | Damaged status | No para préstamo | Colección | Inventariado | Ubicación Permanente | Ubicación actual | Fecha de adquisición | Fuente de Valor | Valor | Total Checkouts | Número topográfico | Inventario / Código de Barras | Date last seen | Ejemplar | Price effective from | Forma de adquisición | Tipo de material |
|---|---|---|---|---|---|---|---|---|---|---|---|---|---|---|---|---|---|---|---|
| Dewey Decimal Classification | General | Inventariado 2017 | Bogotá | Bogotá | 04/03/2016 | Instituto | 39000.00 | LB-711.09861 S44d | 039858 | 04/03/2016 | Ej. 1 | 04/03/2016 | Libro |